000 00834nam a22002537a 4500
003 OSt
005 20210825143954.0
007 ta
008 210316b 2020 dr 00| 0 eng d
020 _a9789945220391
040 _aDO-SdBNP
_bspa
_cBNPHU
041 _hspa
082 4 _222
_aRD863.5
_bC355a
100 1 _aCastro, Aridio,
_d1976-
_978149
245 1 0 _aLas alas de Philip /
_cAridio Rafael Castro Tejada ; edición y corrección Mayla Acedo Bravo.
260 _aSanto Domingo :
_bBúho,
_c2020.
300 _a84 p. ;
_c21 cm.
500 _aIncluye datos biográficos del autor en la solapa de la cubierta.
590 _aInventariado, 2021 /LP
650 0 _aNovelas dominicanas
_929128
700 1 _aAcedo Bravo, Mayla,
_eedición y corrección
_978150
910 _aValidado. Control de calidad. MAA
942 _2ddc
_cLBS1
999 _c49582
_d49582